|
|
|
|
| LEADER |
03229cam a2200421 a 4500 |
| 001 |
AAL8680 |
| 003 |
BD-DhAAL |
| 005 |
20160721121132.0 |
| 008 |
160721r1986 nyu 000 1 eng |
| 010 |
|
|
|a 86045419
|
| 020 |
|
|
|a 0394550846 :
|c $16.96
|
| 020 |
|
|
|a 9780141041155
|
| 040 |
|
|
|a DLC
|c DLC
|d DLC
|d OCoLC
|d DLC
|d BD-DhAAL
|
| 050 |
0 |
0 |
|a PT2681.U74
|b P313 1986
|
| 082 |
0 |
0 |
|a 833/.914
|2 19
|
| 100 |
1 |
|
|a Süskind, Patrick.
|9 20030
|
| 240 |
1 |
0 |
|a Parfum.
|l English
|
| 245 |
1 |
0 |
|a Perfume :
|b the story of a murderer /
|c Patrick Süskind ; translated from the German by John E. Woods.
|
| 260 |
|
|
|a London :
|a New York :
|b Penguin Books,
|b A.A. Knopf,
|c 2010
|
| 300 |
|
|
|a 263 p. ;
|c 22 cm.
|
| 500 |
|
|
|a Translation of: Das Parfum.
|
| 541 |
|
|
|e 8680
|
| 650 |
|
|
|a Perfumes --
|v Fiction.
|9 20031
|
| 852 |
|
|
|a Savar Campus Library
|c General Shelf
|
| 942 |
|
|
|2 ddc
|c BK
|
| 999 |
|
|
|c 37702
|d 37702
|
| 952 |
|
|
|0 0
|1 0
|2 ddc
|4 0
|6 833_000000000000000__914_SUS
|7 0
|9 59379
|a SCL
|b SCL
|c GEN
|d 2016-07-21
|e Tajin Boi Gar
|g 120.00
|l 15
|m 75
|o 833.914 SUS
|p 3020008680
|r 2024-07-15
|s 2024-07-03
|t 1
|w 2016-07-21
|y BK
|
| 952 |
|
|
|0 0
|1 0
|2 ddc
|4 0
|6 833_000000000000000__914_SUS
|7 0
|9 59455
|a SCL
|b SCL
|c GEN
|d 2016-07-26
|e Tajin Boi Gar
|g 120.00
|l 12
|m 80
|o 833.914 SUS
|p 3020008681
|r 2020-03-10
|s 2020-01-16
|t 2
|w 2016-07-26
|y BK
|
| 952 |
|
|
|0 0
|1 0
|2 ddc
|4 0
|6 833_000000000000000__914_SUS
|7 0
|9 60370
|a SCL
|b SCL
|c GEN
|d 2017-04-19
|e Tajin Boi Ghar
|g 100.00
|l 14
|m 55
|o 833.914 SUS
|p 3020008926
|r 2025-03-23
|s 2025-03-06
|t 3
|w 2017-04-19
|y BK
|
| 952 |
|
|
|0 0
|1 0
|2 ddc
|4 0
|6 833_000000000000000__914_SUS
|7 0
|9 60371
|a SCL
|b SCL
|c GEN
|d 2017-04-19
|e Tajin Boi Ghar
|g 100.00
|l 10
|m 66
|o 833.914 SUS
|p 3020008927
|r 2025-09-05
|s 2023-08-23
|t 4
|w 2017-04-19
|y BK
|
| 952 |
|
|
|0 0
|1 0
|2 ddc
|4 0
|6 833_000000000000000__914_SUS
|7 0
|9 60372
|a SCL
|b SCL
|c GEN
|d 2017-04-19
|e Tajin Boi Ghar
|g 100.00
|l 20
|m 70
|o 833.914 SUS
|p 3020008928
|r 2025-10-29
|s 2025-09-02
|t 5
|w 2017-04-19
|y BK
|
| 952 |
|
|
|0 0
|1 0
|2 ddc
|4 0
|6 833_000000000000000__914_SUS
|7 0
|9 60373
|a SCL
|b SCL
|c GEN
|d 2017-04-19
|e Tajin Boi Ghar
|g 100.00
|l 21
|m 52
|o 833.914 SUS
|p 3020008929
|r 2024-04-23
|s 2024-03-04
|t 6
|w 2017-04-19
|y BK
|
| 952 |
|
|
|0 0
|1 0
|2 ddc
|4 0
|6 833_000000000000000__914_SUS
|7 0
|9 60374
|a SCL
|b SCL
|c GEN
|d 2017-04-19
|e Tajin Boi Ghar
|g 100.00
|l 14
|m 53
|o 833.914 SUS
|p 3020008930
|r 2020-03-01
|s 2020-01-16
|t 7
|w 2017-04-19
|y BK
|
| 952 |
|
|
|0 0
|1 0
|2 ddc
|4 0
|6 833_000000000000000__914_SUS
|7 0
|9 61093
|a SCL
|b SCL
|c GEN
|d 2017-09-13
|e Tajin Boi Gar
|g 150.00
|l 14
|m 49
|o 833.914 SUS
|p 3020009250
|r 2025-11-13
|s 2025-11-05
|t 8
|w 2017-09-13
|y BK
|
| 952 |
|
|
|0 0
|1 0
|2 ddc
|4 0
|6 833_000000000000000__914_SUS
|7 0
|9 61094
|a SCL
|b SCL
|c GEN
|d 2017-09-13
|e Tajin Boi Gar
|g 150.00
|l 17
|m 55
|o 833.914 SUS
|p 3020009251
|r 2026-04-15
|s 2026-04-08
|t 9
|w 2017-09-13
|y BK
|
| 952 |
|
|
|0 0
|1 0
|2 ddc
|4 0
|6 833_000000000000000__914_SUS
|7 0
|9 61095
|a SCL
|b SCL
|c GEN
|d 2017-09-13
|e Tajin Boi Gar
|g 150.00
|l 11
|m 48
|o 833.914 SUS
|p 3020009252
|r 2020-03-10
|s 2020-01-16
|t 10
|w 2017-09-13
|y BK
|
| 952 |
|
|
|0 0
|1 0
|2 ddc
|4 0
|6 833_000000000000000__914_SUS
|7 0
|9 61096
|a SCL
|b SCL
|c GEN
|d 2017-09-13
|e Tajin Boi Gar
|g 150.00
|l 17
|m 55
|o 833.914 SUS
|p 3020009253
|r 2025-09-14
|s 2025-06-29
|t 11
|w 2017-09-13
|y BK
|
| 952 |
|
|
|0 0
|1 0
|2 ddc
|4 0
|6 833_000000000000000__914_SUS
|7 0
|9 61097
|a SCL
|b SCL
|c GEN
|d 2017-09-13
|e Tajin Boi Gar
|g 150.00
|l 18
|m 54
|o 833.914 SUS
|p 3020009254
|r 2025-02-15
|s 2025-02-09
|t 12
|w 2017-09-13
|y BK
|